<?xml version="1.0" encoding="UTF-8"?>
<record
    xmlns:xsi="http://www.w3.org/2001/XMLSchema-instance"
    xsi:schemaLocation="http://www.loc.gov/MARC21/slim http://www.loc.gov/standards/marcxml/schema/MARC21slim.xsd"
    xmlns="http://www.loc.gov/MARC21/slim">

  <leader>00893nam a22001577a 4500</leader>
  <controlfield tag="003">OSt</controlfield>
  <controlfield tag="005">20151130085221.0</controlfield>
  <controlfield tag="008">151130b        xxu||||| |||| 00| 0 eng d</controlfield>
  <datafield tag="040" ind1=" " ind2=" ">
    <subfield code="c">RUA</subfield>
  </datafield>
  <datafield tag="082" ind1=" " ind2=" ">
    <subfield code="a">FIS &#x1794;&#x17C1;&#x1784; 1996 B162 Or.1</subfield>
  </datafield>
  <datafield tag="100" ind1=" " ind2=" ">
    <subfield code="9">3987</subfield>
    <subfield code="a">&#x1794;&#x17C1;&#x1784;&#x200B;&#x1794;&#x17CA;&#x17BB;&#x1793;&#x1793;&#x17C1;&#x178F;</subfield>
  </datafield>
  <datafield tag="245" ind1=" " ind2=" ">
    <subfield code="a">Practical effectiveness of family fish culture in samdech hun sen development center "krung yov"sa-ang district ,kandal province (&#x1794;&#x17D2;&#x179A;&#x179F;&#x17B7;&#x1791;&#x17D2;&#x1792;&#x1793;&#x17C3;&#x1780;&#x17B6;&#x179A;&#x17A2;&#x1793;&#x17BB;&#x179C;&#x178F;&#x17D2;&#x178F;&#x1793;&#x17CF;&#x1780;&#x17B6;&#x179A;&#x1785;&#x17B7;&#x1789;&#x17D2;&#x1785;&#x17B9;&#x1798;&#x178F;&#x17D2;&#x179A;&#x17B8;&#x1787;&#x17B6;&#x179B;&#x1780;&#x17D2;&#x1781;&#x178E;&#x17D2;&#x1781;&#x17C7;&#x1782;&#x17D2;&#x179A;&#x17BD;&#x179F;&#x17B6;&#x179A;&#x1780;&#x17D2;&#x1793;&#x17BB;&#x1784;&#x1798;&#x1787;&#x17D2;&#x1788;&#x1798;&#x178E;&#x17D2;&#x178C;&#x179B;&#x17A2;&#x1797;&#x17B7;&#x179C;&#x178C;&#x17D2;&#x178D;&#x1793;&#x17CF;&#x179F;&#x1798;&#x17D2;&#x178A;&#x17C1;&#x1785;&#x17A0;&#x17CA;&#x17BB;&#x1793;&#x179F;&#x17C2;&#x1793;&#x200B;&#x200B; &#x1783;&#x17C6;&#x17BB;&#x1780;&#x17D2;&#x179A;&#x17B6;&#x17C6;&#x1784;&#x1799;&#x17C9;&#x17BC;&#x179C;&#x179F;&#x17D2;&#x179A;&#x17BB;&#x1780;&#x179F;&#x17D2;&#x17A2;&#x17B6;&#x1784;&#x1781;&#x17C1;&#x178F;&#x17D2;&#x178F;&#x1780;&#x178E;&#x17D2;&#x178A;&#x17B6;&#x179B;)</subfield>
  </datafield>
  <datafield tag="260" ind1=" " ind2=" ">
    <subfield code="a">Phnom Penh</subfield>
    <subfield code="b">RUA</subfield>
    <subfield code="c">1996</subfield>
  </datafield>
  <datafield tag="300" ind1=" " ind2=" ">
    <subfield code="a">72p.</subfield>
    <subfield code="b">ill.</subfield>
    <subfield code="c">29cm.</subfield>
  </datafield>
  <datafield tag="942" ind1=" " ind2=" ">
    <subfield code="2">ddc</subfield>
    <subfield code="c">FIS</subfield>
  </datafield>
  <datafield tag="999" ind1=" " ind2=" ">
    <subfield code="c">3707</subfield>
    <subfield code="d">3707</subfield>
  </datafield>
  <datafield tag="952" ind1=" " ind2=" ">
    <subfield code="0">0</subfield>
    <subfield code="1">0</subfield>
    <subfield code="2">ddc</subfield>
    <subfield code="4">0</subfield>
    <subfield code="6">FIS_&#x1794;&#x17C1;&#x1784;_1996_000000000000000_B162_OR_1</subfield>
    <subfield code="7">0</subfield>
    <subfield code="9">18460</subfield>
    <subfield code="a">LBB</subfield>
    <subfield code="b">LBB</subfield>
    <subfield code="c">B162</subfield>
    <subfield code="d">2015-11-30</subfield>
    <subfield code="o">FIS &#x1794;&#x17C1;&#x1784; 1996 B162 Or.1</subfield>
    <subfield code="p">RUA025872</subfield>
    <subfield code="r">2015-11-30</subfield>
    <subfield code="w">2015-11-30</subfield>
    <subfield code="y">FIS</subfield>
  </datafield>
  <datafield tag="952" ind1=" " ind2=" ">
    <subfield code="0">0</subfield>
    <subfield code="1">0</subfield>
    <subfield code="2">ddc</subfield>
    <subfield code="4">0</subfield>
    <subfield code="6">FIS_&#x1794;&#x17C1;&#x1784;_1996_000000000000000_B162_OR_2</subfield>
    <subfield code="7">0</subfield>
    <subfield code="9">18461</subfield>
    <subfield code="a">LBB</subfield>
    <subfield code="b">LBB</subfield>
    <subfield code="c">B162</subfield>
    <subfield code="d">2015-11-30</subfield>
    <subfield code="o">FIS &#x1794;&#x17C1;&#x1784; 1996 B162 Or.2</subfield>
    <subfield code="p">RUA011161</subfield>
    <subfield code="r">2015-11-30</subfield>
    <subfield code="w">2015-11-30</subfield>
    <subfield code="y">FIS</subfield>
  </datafield>
  <datafield tag="952" ind1=" " ind2=" ">
    <subfield code="0">0</subfield>
    <subfield code="1">0</subfield>
    <subfield code="2">ddc</subfield>
    <subfield code="4">0</subfield>
    <subfield code="6">FIS_&#x1794;&#x17C1;&#x1784;_1996_000000000000000_B162_OR_3</subfield>
    <subfield code="7">0</subfield>
    <subfield code="9">18462</subfield>
    <subfield code="a">LBB</subfield>
    <subfield code="b">LBB</subfield>
    <subfield code="c">B162</subfield>
    <subfield code="d">2015-11-30</subfield>
    <subfield code="o">FIS &#x1794;&#x17C1;&#x1784; 1996 B162 Or.3</subfield>
    <subfield code="p">RUA025794</subfield>
    <subfield code="r">2015-11-30</subfield>
    <subfield code="w">2015-11-30</subfield>
    <subfield code="y">FIS</subfield>
  </datafield>
  <datafield tag="952" ind1=" " ind2=" ">
    <subfield code="0">0</subfield>
    <subfield code="1">0</subfield>
    <subfield code="2">ddc</subfield>
    <subfield code="4">0</subfield>
    <subfield code="6">FIS_&#x1794;&#x17C1;&#x1784;_1996_000000000000000_B162_OR_4</subfield>
    <subfield code="7">0</subfield>
    <subfield code="9">18463</subfield>
    <subfield code="a">LBB</subfield>
    <subfield code="b">LBB</subfield>
    <subfield code="c">B162</subfield>
    <subfield code="d">2015-11-30</subfield>
    <subfield code="o">FIS &#x1794;&#x17C1;&#x1784; 1996 B162 Or.4</subfield>
    <subfield code="p">RUA025722</subfield>
    <subfield code="r">2015-11-30</subfield>
    <subfield code="w">2015-11-30</subfield>
    <subfield code="y">FIS</subfield>
  </datafield>
  <datafield tag="952" ind1=" " ind2=" ">
    <subfield code="0">0</subfield>
    <subfield code="1">0</subfield>
    <subfield code="2">ddc</subfield>
    <subfield code="4">0</subfield>
    <subfield code="6">FIS_&#x1794;&#x17C1;&#x1784;_1996_000000000000000_B162_OR_5</subfield>
    <subfield code="7">0</subfield>
    <subfield code="9">18464</subfield>
    <subfield code="a">LBB</subfield>
    <subfield code="b">LBB</subfield>
    <subfield code="c">B162</subfield>
    <subfield code="d">2015-11-30</subfield>
    <subfield code="o">FIS &#x1794;&#x17C1;&#x1784; 1996 B162 Or.5</subfield>
    <subfield code="p">RUA011090</subfield>
    <subfield code="r">2015-11-30</subfield>
    <subfield code="w">2015-11-30</subfield>
    <subfield code="y">FIS</subfield>
  </datafield>
  <datafield tag="952" ind1=" " ind2=" ">
    <subfield code="0">0</subfield>
    <subfield code="1">0</subfield>
    <subfield code="2">ddc</subfield>
    <subfield code="4">0</subfield>
    <subfield code="6">FIS_&#x1794;&#x17C1;&#x1784;_1996_000000000000000_B162_OR_6</subfield>
    <subfield code="7">0</subfield>
    <subfield code="9">18465</subfield>
    <subfield code="a">LBB</subfield>
    <subfield code="b">LBB</subfield>
    <subfield code="c">B162</subfield>
    <subfield code="d">2015-11-30</subfield>
    <subfield code="o">FIS &#x1794;&#x17C1;&#x1784; 1996 B162 Or.6</subfield>
    <subfield code="p">RUA025650</subfield>
    <subfield code="r">2015-11-30</subfield>
    <subfield code="w">2015-11-30</subfield>
    <subfield code="y">FIS</subfield>
  </datafield>
  <datafield tag="952" ind1=" " ind2=" ">
    <subfield code="0">0</subfield>
    <subfield code="1">0</subfield>
    <subfield code="2">ddc</subfield>
    <subfield code="4">0</subfield>
    <subfield code="6">FIS_&#x1794;&#x17C1;&#x1784;_1996_000000000000000_B162_OR_7</subfield>
    <subfield code="7">0</subfield>
    <subfield code="9">18466</subfield>
    <subfield code="a">LBB</subfield>
    <subfield code="b">LBB</subfield>
    <subfield code="c">B162</subfield>
    <subfield code="d">2015-11-30</subfield>
    <subfield code="o">FIS &#x1794;&#x17C1;&#x1784; 1996 B162 Or.7</subfield>
    <subfield code="p">RUA025938</subfield>
    <subfield code="r">2015-11-30</subfield>
    <subfield code="w">2015-11-30</subfield>
    <subfield code="y">FIS</subfield>
  </datafield>
  <datafield tag="952" ind1=" " ind2=" ">
    <subfield code="0">0</subfield>
    <subfield code="1">0</subfield>
    <subfield code="2">ddc</subfield>
    <subfield code="4">0</subfield>
    <subfield code="6">FIS_&#x1794;&#x17C1;&#x1784;_1996_000000000000000_B162_OR_8</subfield>
    <subfield code="7">0</subfield>
    <subfield code="9">18467</subfield>
    <subfield code="a">LBB</subfield>
    <subfield code="b">LBB</subfield>
    <subfield code="c">B162</subfield>
    <subfield code="d">2015-11-30</subfield>
    <subfield code="o">FIS &#x1794;&#x17C1;&#x1784; 1996 B162 Or.8</subfield>
    <subfield code="p">RUA025726</subfield>
    <subfield code="r">2015-11-30</subfield>
    <subfield code="w">2015-11-30</subfield>
    <subfield code="y">FIS</subfield>
  </datafield>
  <datafield tag="952" ind1=" " ind2=" ">
    <subfield code="0">0</subfield>
    <subfield code="1">0</subfield>
    <subfield code="2">ddc</subfield>
    <subfield code="4">0</subfield>
    <subfield code="6">FIS_&#x1794;&#x17C1;&#x1784;_1996_000000000000000_B162_OR_9</subfield>
    <subfield code="7">0</subfield>
    <subfield code="9">18468</subfield>
    <subfield code="a">LBB</subfield>
    <subfield code="b">LBB</subfield>
    <subfield code="c">B162</subfield>
    <subfield code="d">2015-11-30</subfield>
    <subfield code="o">FIS &#x1794;&#x17C1;&#x1784; 1996 B162 Or.9</subfield>
    <subfield code="p">RUA011305</subfield>
    <subfield code="r">2015-11-30</subfield>
    <subfield code="w">2015-11-30</subfield>
    <subfield code="y">FIS</subfield>
  </datafield>
</record>
